000 01230cam a22002174a 4500
005 20250605164217.0
008 250528s ||||||||||||||||||||||||d
035 _a20503
020 _a9606669416
040 _aGR-AtMCL
_bgre
_dGR-AtMCL
_eAACR2
245 1 _aΕλλάδα / Χάρτες - Λαογραφία - Οικονομία - Πολιτισμοί; Νομός Θεσσαλονίκης 1
300 _a418
505 0 _aΔιοικητική Διαίρεση, Γεωγραφία και Φύση, Πληθυσμός, Οικονομία, Ιστορία, Αξιοθέατα και Μνημεία και Πολιτισμός, Προσωπικότητες, Εικόνες Λαϊκης Τέχνης και Παράδοσης.
520 _aΔιοικητική Διαίρεση, Γεωγραφία και Φύση, Πληθυσμός, Οικονομία, Ιστορία, Αξιοθέατα και Μνημεία και Πολιτισμός, Προσωπικότητες, Εικόνες Λαϊκης Τέχνης και Παράδοσης.
700 1 _aΜανιατέας Ηλίας
_96494
700 1 _aΤεγόπουλος Γιάννης
_96495
942 _cBK
260 _bΔομή
999 _c5605
_d5605